000 00608cam a2200217ua 4500
001 5468
008 120924n ii |||gr||||Z||||||eng
020 _a81-7046-128-6
040 _cMAIN
082 _a305.8
100 _aBardoloi, B.K.,
_eEditor.,
245 1 _aPeople of India :
_bAssam /
_ced. by B.K. Bardoloi .
250 _bV. xv, part one.
260 _aCalcutta:
_bAnthropological survey of India,
_c2003.
300 _axxviii, 421p.
653 _aSociology
653 _aEthnic groups of Assam
700 _aSingh, K.S.,
_eGeneral editor.
700 _aAthaparia, R.K.,
_eEditor.
942 _cBK
999 _c4648
_d4648